Normal view
MARC view
Entry Personal Name
001 - CONTROL NUMBER
- control field: 54764
003 - CONTROL NUMBER IDENTIFIER
- control field: OSt
005 - DATE AND TIME OF LATEST TRANSACTION
- control field: 20241001135610.0
008 - FIXED-LENGTH DATA ELEMENTS
- fixed length control field: 241001|| aca||aabn | a|a d
040 ## - CATALOGING SOURCE
- Original cataloging agency: OSt
- Transcribing agency: OSt
100 ## - HEADING--PERSONAL NAME
- Personal name: လင်း၊ ဉီး၊ ပါဠိဆရာကြီး ။
670 ## - SOURCE DATA FOUND
- Source citation: Work cat.: (OSt)17163: လင်း၊ ဉီး၊ ပါဠိဆရာကြီး ။, မဟာကောသလ၏ သောဠသအိပ်မက်ခန်း /, ၁၉၈၁။